Statistics for Biggest Cities on Java on a Map

Click here to take the quiz!

General Stats

  • This quiz has been taken 458 times
  • The average score is 9 of 15

Answers on the Map

Answers color-coded by a green-red scale on the quiz's map according to % correct below.
 

Answer Stats

CityPopulation% Correct
Jakarta9,963,129
100%
Bandung2,465,469
88%
Surabaya2,805,906
88%
Yogyakarta407,617
76%
Semarang1,651,146
68%
Bekasi2,381,053
63%
Tangerang1,566,190
60%
Surakarta552,118
57%
Bogor982,469
56%
Depok1,631,951
56%
Malang808,945
56%
Serang613,356
50%
South Tangerang1,219,245
44%
Cimahi513,176
35%
Tasikmalaya678,027
34%

Score Distribution

Percentile by Number Answered

Percent of People with Each Score

Your Score History

You have not taken this quiz